000 00300 a2200133 4500
000 nam a22 7a 4500
005 20260306110005.0
020 _a9781032465463
100 _aDavid S. Latchman
_91123631
245 _aGene Control
250 _a3rd
260 _bCRC Press
_c2025
942 _cTEXL
999 _c1688477
_d1688477